000 00464nam a2200157 i 4500
001 79204
003 ES-MaACL
005 20230906173927.0
007 t|
008 041020s1965 sp ||||1| spa d
100 1 _aHeredia, Manuel de.
_962690
245 1 0 _aBarro (memorias de un gallego en América)
_b: novela /
_cManuel de Heredia.
260 _aMadrid :
_bFederico Domenech,
_c1965.
300 _aXIV, 328 p. ;
_c23 cm.
852 _aES-MaACL
_jC-27621
_bR.56747
999 _c79204
_d79204